| 000 | 00550nam a22001577a 4500 | ||
|---|---|---|---|
| 008 | 230428b |||||||| |||| 00| 0 eng d | ||
| 040 |
_aNational Science Library _cNational Science Library |
||
| 080 |
_a539.1.074.5(082.2) _bP0 |
||
| 245 | _aProceedings of the first Asian conference solid state ionic devices science & technology Chennai, 22-24 March 2000 | ||
| 260 |
_aNew Delhi: _bAllied Publishers Limited, _c2000 |
||
| 300 | _axii, 356p. | ||
| 650 | _aScience | ||
| 653 | _aTechnology | ||
| 700 | 1 | 0 | _aSelladurai, S (Ed.) |
| 942 |
_2udc _cPR |
||
| 999 |
_c25008 _d25008 |
||